| 000 | 01009nam a2200289 a 4500 | ||
|---|---|---|---|
| 001 | 25255 | ||
| 003 | UkOxU | ||
| 005 | 20211209050843.0 | ||
| 008 | 140316s1954 enkb 001 0 eng d | ||
| 035 | _a(BD-RjUL)25324 | ||
| 040 |
_aHDC _cHDC _dEUX _dUkOxU _dBD-RjUL _beng |
||
| 041 | _aeng | ||
| 082 | 0 | 4 |
_a943 _bHIT 1954 |
| 090 |
_aEdi _b020000349833 |
||
| 245 | 0 | 0 |
_aHitler's Europe / _cedited by Arnold Toynbee and Veronica M. Toynbee. |
| 260 |
_aLondon : _bOxford University Press, _c1954. |
||
| 300 |
_axvi, 730 p. : _bfold. maps (part col.) ; _c25 cm. |
||
| 500 | _aIssued under the auspices of the Royal Institute of International Affairs. | ||
| 504 | _aIncludes Index | ||
| 650 | 0 |
_aWorld War, 1939-1945. _977675 |
|
| 830 | 0 |
_v1939/1946 _977687 |
|
| 700 | 1 |
_aToynbee, Veronica M. _q(Veronica Marjorie) _977677 |
|
| 700 | 1 |
_aToynbee, Arnold, _d1889-1975. _977678 |
|
| 710 | 2 |
_aRoyal Institute of International Affairs. _977679 |
|
| 830 | 0 |
_aSurvey of international affairs ; _977688 |
|
| 942 |
_2ddc _cBK |
||
| 999 |
_c25255 _d25255 |
||